000 00588nam a2200193Ia 4500
003 GCL
008 140319s9999 xx 000 0 ara d
040 _aGCL /
_cGCL
082 0 4 _a247.1
_bم ت
100 1 _aمحمد باقر الصدر
245 1 0 _aتاريخ مابعد الظهور /
_cمحمد باقر الصدر
260 _a[S.N] :
_bدار التعارف للمطبوعات ،
_c1987
300 _a680 ص
490 _a
650 0 4 _aالمسيخ الدجال
650 0 4 _aالمهدى المنتظر
650 0 4 _aالامامة عند الشيعة
942 _2ddc
_cBK
999 _c52398
_d52398